=LDR 00000nam 2200000 4500 =001 INLIS000000000017150 =005 20201215073646 =035 ##$$a 0010-061300000017150 =008 201215################g##########0#ind## =041 ##$$a Ind =082 ##$$a 332.77 =090 ##$$a 332.77, Gin l =100 1#$$a Ginting, Lamlan =245 1#$$a Letter of credit, tinjauan aspek hukum dan bisnis. /$c Dr. Ramlan Ginting, SH =260 ##$$a Jakarta :$b Salemba Empat,$c 2002 =300 ##$$a xii, 197 hlm ; $c 24 x 15 cm =650 #4$$a Letter of Credit =850 ##$$a NBPNMAT =020 ##$$a 979-691-147-7 =084 ##$$a 332.77 GIN l =250 ##$$a ed.2 =990 ##$$a 20602936 =990 ##$$a 20602939